<?xml version="1.0" encoding="UTF-8"?>
<record
    xmlns:xsi="http://www.w3.org/2001/XMLSchema-instance"
    xsi:schemaLocation="http://www.loc.gov/MARC21/slim http://www.loc.gov/standards/marcxml/schema/MARC21slim.xsd"
    xmlns="http://www.loc.gov/MARC21/slim">

  <leader>01359nam a22002897a 4500</leader>
  <controlfield tag="005">2010071208158.0</controlfield>
  <controlfield tag="008">100712t        xxu||||| |||| 00| 0 eng d</controlfield>
  <datafield tag="010" ind1=" " ind2=" ">
    <subfield code="a">ENG-96389</subfield>
  </datafield>
  <datafield tag="020" ind1=" " ind2=" ">
    <subfield code="a">9788132104537</subfield>
    <subfield code="c">595.00</subfield>
  </datafield>
  <datafield tag="035" ind1=" " ind2=" ">
    <subfield code="a">EN-79922</subfield>
  </datafield>
  <datafield tag="037" ind1=" " ind2=" ">
    <subfield code="b">D.B.Act / Pub</subfield>
  </datafield>
  <datafield tag="040" ind1=" " ind2=" ">
    <subfield code="a">dpl</subfield>
    <subfield code="b">Eng</subfield>
  </datafield>
  <datafield tag="082" ind1=" " ind2=" ">
    <subfield code="a">363.22</subfield>
  </datafield>
  <datafield tag="100" ind1=" " ind2=" ">
    <subfield code="a">Sen,Sankar</subfield>
  </datafield>
  <datafield tag="245" ind1=" " ind2=" ">
    <subfield code="a">Enforcing police accountability through civilian oversight /</subfield>
    <subfield code="c">by Sankar Sen</subfield>
  </datafield>
  <datafield tag="260" ind1=" " ind2=" ">
    <subfield code="a">New Delhi</subfield>
    <subfield code="b">Sage Publications</subfield>
    <subfield code="c">2010</subfield>
  </datafield>
  <datafield tag="270" ind1=" " ind2=" ">
    <subfield code="a">B1/11, Mohan Cooperative Inudstrial Area, Mathura Road,</subfield>
    <subfield code="b">New Delhi</subfield>
    <subfield code="e">110044</subfield>
  </datafield>
  <datafield tag="300" ind1=" " ind2=" ">
    <subfield code="a">xiv,197p.</subfield>
    <subfield code="c">24 cm (Hb.)</subfield>
  </datafield>
  <datafield tag="500" ind1=" " ind2=" ">
    <subfield code="a"> Includes bibliographical references and index.</subfield>
  </datafield>
  <datafield tag="505" ind1=" " ind2=" ">
    <subfield code="a">Introduction -- Police accountability -- Control by external agencies -- Civilian oversight bodies -- Policing the police: experience in the United Kingdom -- Police oversight in Canada -- Royal Canadian Mounted Police (RCMP) Public Complaint Commission -</subfield>
  </datafield>
  <datafield tag="650" ind1=" " ind2=" ">
    <subfield code="a">Police misconduct.</subfield>
  </datafield>
  <datafield tag="650" ind1=" " ind2=" ">
    <subfield code="a">Police </subfield>
    <subfield code="x">Complaints against.</subfield>
  </datafield>
  <datafield tag="650" ind1=" " ind2=" ">
    <subfield code="a">Civilian review boards (Police administration)</subfield>
  </datafield>
  <datafield tag="650" ind1=" " ind2=" ">
    <subfield code="a"> Police administration </subfield>
    <subfield code="x">Citizen participation.</subfield>
  </datafield>
  <datafield tag="942" ind1=" " ind2=" ">
    <subfield code="a">dpl</subfield>
    <subfield code="c">EN</subfield>
    <subfield code="2">ddc</subfield>
    <subfield code="h">363.22</subfield>
    <subfield code="m">SEN</subfield>
  </datafield>
  <datafield tag="999" ind1=" " ind2=" ">
    <subfield code="c">36892</subfield>
    <subfield code="d">36892</subfield>
  </datafield>
  <datafield tag="952" ind1=" " ind2=" ">
    <subfield code="0">0</subfield>
    <subfield code="1">0</subfield>
    <subfield code="2">ddc</subfield>
    <subfield code="4">0</subfield>
    <subfield code="7">1</subfield>
    <subfield code="8">NFIC</subfield>
    <subfield code="a">DBAD</subfield>
    <subfield code="b">DBAD</subfield>
    <subfield code="d">2010-07-12</subfield>
    <subfield code="e">DBAD/PUB</subfield>
    <subfield code="g">595.00</subfield>
    <subfield code="l">0</subfield>
    <subfield code="o">363.22 SEN</subfield>
    <subfield code="p">EN-79922</subfield>
    <subfield code="r">2010-07-12 00:00:00</subfield>
    <subfield code="t">1</subfield>
    <subfield code="v">595.00</subfield>
    <subfield code="w">2010-07-12</subfield>
    <subfield code="y">EN</subfield>
  </datafield>
</record>
